LIBRARY & INFORMATION CENTRE, KCAET, TAVANUR

ONLINE PUBLIC ACCESS CATALOGUE (OPAC)

UGC NET/SLET: Environmental science / (Record no. 13382)

MARC details
000 -LEADER
fixed length control field 00289cam a2200109ua 4500
082 ## - DEWEY DECIMAL CLASSIFICATION NUMBER
Classification number 574.5076
Item number TYA/UG
100 ## - MAIN ENTRY--AUTHOR NAME
Personal name Tyagi, Anil .
245 ## - TITLE STATEMENT
Title UGC NET/SLET: Environmental science /
260 ## - PUBLICATION, DISTRIBUTION, ETC. (IMPRINT)
Place of publication New Delhi :
Name of publisher Danika Publishing Company ,
Year of publication 2007.
300 ## - PHYSICAL DESCRIPTION
Number of Pages 472 ; .
942 ## - ADDED ENTRY ELEMENTS (KOHA)
Koha item type Reference
Holdings
Withdrawn status Lost status Damaged status Collection code Home library Current library Shelving location Date acquired Full call number Accession Number Koha item type
      Non-fiction KAUAET KAUAET General Stacks 07/04/2012 574.5076.TYA/UG 21709 Books
free website counter